| 000 | 01973nam0a2200385 4500 | ||
|---|---|---|---|
| 001 | RU\NLR\BIBL_A\012161291 | ||
| 005 | 20211222155901.0 | ||
| 010 |
_a978-5-6042247-5-5 _9200 |
||
| 021 |
_aRU _bКН-П-19-084884 _9КН-П-19-6174 |
||
| 035 | _a(NLR Aleph) 012161291 | ||
| 035 | _a(RuMoRGB)010151048 | ||
| 090 |
_a12191515 _c12191515 |
||
| 100 | _a20191211d2019 u y0rusy50 ca | ||
| 101 | 0 | _arus | |
| 102 | _aRU | ||
| 105 | _aabchzzzz0||zy | ||
| 200 | 1 |
_aПоследние тенденции и исследования Арктики и Антарктики в области градостроительного освоения _e200 лет открытия Антарктиды _f[к.арх. Пунтус В.А., к.т.н. Мясепп К.К., к.ист.н. Филин П.А., архитектор Локтик О.Г.] |
|
| 210 |
_aСанкт-Петербург _c[б. и.] _d2019 |
||
| 215 |
_a121 с. _cил., цв. ил., портр., карты, факс., табл. _d21 |
||
| 300 | _aАвт. указаны на обороте тит. л. | ||
| 320 | _aБиблиогр.: с. 115-119 (98 назв.) | ||
| 517 | 1 | _a200 лет открытия Антарктиды | |
| 606 | 1 |
_aЗдания и сооружения _xСтроительство в условиях холодного климата _2nlr_sh2 _3RU\NLR\AUTH\6601671342 |
|
| 607 |
_aАнтарктика _xОткрытие и исследования _2nlr_sh1 _2nlr_sh2 _3RU\NLR\AUTH\661342898 |
||
| 686 | 1 | _aД890(887)02 | |
| 686 | 1 | _aН797.1 | |
| 701 | 1 |
_aПунтус _bВ.А. _gВасилий Анатольевич |
|
| 701 | 1 |
_aМясепп _bК. К. _gКонстантин Константинович |
|
| 701 | 1 |
_aФилин _bП. А. _f1975- _gПавел Анатольевич |
|
| 701 | 1 |
_aЛоктик _bО. Г |
|
| 942 | _cBOOK | ||
| 980 | _aNBR | ||
| 980 | _aNB | ||